[Event "7th Arber Senior Cup"]
[Site "chess24.com"]
[Date "2019.08.03"]
[Round "8"]
[White "Braeu, Emmi"]
[Black "Nusser, Hans-Karl, Dr."]
[Result "0-1"]
[Board "34"]
[WhiteElo "1477"]
[WhiteTeam "SK Marktoberdorf"]
[WhiteCountry "GER"]
[WhiteFideId "24646946"]
[WhiteEloChange "-7"]
[BlackElo "1601"]
[BlackTeam "Muenchener SC"]
[BlackCountry "GER"]
[BlackFideId "16226399"]
[BlackEloChange "7"]

1. Nf3 {[%clk 2:10:30]} d5 {[%clk 2:10:30]} 2. g3 {[%clk 2:10:30]} Nf6 {[%clk
2:10:30]} 3. c4 {[%clk 2:10:30]} c6 {[%clk 2:10:30]} 4. b3 {[%clk 2:10:30]} Bf5
{[%clk 2:10:30]} 5. Bb2 {[%clk 2:10:30]} h6 {[%clk 2:10:30]} 6. Bg2 {[%clk
2:10:30]} Nbd7 {[%clk 2:10:30]} 7. O-O {[%clk 2:10:30]} e6 {[%clk 2:10:30]} 8.
Ne5 {[%clk 2:10:30]} Be7 {[%clk 2:10:30]} 9. Nxd7 {[%clk 2:10:30]} Qxd7 {[%clk
2:10:30]} 10. d4 {[%clk 2:10:30]} O-O {[%clk 2:10:30]} 11. Nd2 {[%clk 2:10:30]}
Rfe8 {[%clk 2:10:30]} 12. Nf3 {[%clk 2:10:30]} b5 {[%clk 2:10:30]} 13. Ne5 {[%clk
2:10:30]} Qb7 {[%clk 2:10:30]} 14. c5 {[%clk 2:10:30]} a5 {[%clk 2:10:30]} 15. h3
{[%clk 2:10:30]} Ra6 {[%clk 2:10:30]} 16. g4 {[%clk 2:10:30]} Bh7 {[%clk
2:10:30]} 17. f3 {[%clk 2:10:30]} Nd7 {[%clk 2:10:30]} 18. Nxd7 {[%clk 2:10:30]}
Qxd7 {[%clk 2:10:30]} 19. f4 {[%clk 2:10:30]} Qc7 {[%clk 2:10:30]} 20. Qd2 {[%clk
2:10:30]} Qd8 {[%clk 2:10:30]} 21. Bc1 {[%clk 2:10:30]} f6 {[%clk 2:10:30]} 22.
f5 {[%clk 2:10:30]} exf5 {[%clk 2:10:30]} 23. gxf5 {[%clk 2:10:30]} Bf8 {[%clk
2:10:30]} 24. Qd3 {[%clk 2:10:30]} Ra7 {[%clk 2:10:30]} 25. Qg3 {[%clk 2:10:30]}
Kh8 {[%clk 2:10:30]} 26. e3 {[%clk 2:10:30]} Qd7 {[%clk 2:10:30]} 27. Qf4 {[%clk
2:10:30]} Qe7 {[%clk 2:10:30]} 28. h4 {[%clk 2:10:30]} Qd8 {[%clk 2:10:30]} 29.
Bd2 {[%clk 2:10:30]} a4 {[%clk 2:10:30]} 30. bxa4 {[%clk 2:10:30]} Rxa4 {[%clk
2:10:30]} 31. a3 {[%clk 2:10:30]} Bxc5 {[%clk 2:10:30]} 32. Bb4 {[%clk 2:10:30]}
Bxb4 {[%clk 2:10:30]} 33. axb4 {[%clk 2:10:30]} Rxb4 {[%clk 2:10:30]} 34. Ra7
{[%clk 2:10:30]} Re7 {[%clk 2:10:30]} 35. Rxe7 {[%clk 2:10:30]} Qxe7 {[%clk
2:10:30]} 36. Qb8+ {[%clk 2:10:30]} Bg8 {[%clk 2:10:30]} 37. Re1 {[%clk 2:10:30]}
Ra4 {[%clk 2:10:30]} 38. Qb6 {[%clk 2:10:30]} Qe8 {[%clk 2:10:30]} 39. e4 {[%clk
2:10:30]} Qa8 {[%clk 2:10:30]} 40. e5 {[%clk 2:10:30]} Bf7 {[%clk 2:10:30]} 41.
e6 {[%clk 2:10:30]} Be8 {[%clk 2:10:30]} 42. Qc5 {[%clk 2:10:30]} Kg8 {[%clk
2:10:30]} 43. e7 {[%clk 2:10:30]} Qa7 {[%clk 2:10:30]} 44. Qd6 {[%clk 2:10:30]}
Qxd4+ {[%clk 2:10:30]} 45. Kh1 {[%clk 2:10:30]} Qxh4+ {[%clk 2:10:30]} 46. Qh2
{[%clk 2:10:30]} Qxe1+ {[%clk 2:10:30]} 0-1

[Event "7th Arber Senior Cup"]
[Site "chess24.com"]
[Date "2019.08.03"]
[Round "8"]
[White "Redeker, Frank, Dr."]
[Black "Yon, Gregory"]
[Result "1-0"]
[Board "35"]
[WhiteElo "1677"]
[WhiteTeam "SF Brand"]
[WhiteCountry "GER"]
[WhiteFideId "12986011"]
[WhiteEloChange "9"]
[BlackElo "1658"]
[BlackTeam "Bergische SF"]
[BlackCountry "GER"]
[BlackFideId "12933945"]
[BlackEloChange "-9"]

1. d4 {[%clk 2:10:30]} f5 {[%clk 2:10:30]} 2. Nc3 {[%clk 2:10:30]} Nf6 {[%clk
2:10:30]} 3. Bg5 {[%clk 2:10:30]} e6 {[%clk 2:10:30]} 4. Bxf6 {[%clk 2:10:30]}
Qxf6 {[%clk 2:10:30]} 5. e3 {[%clk 2:10:30]} Bb4 {[%clk 2:10:30]} 6. Nf3 {[%clk
2:10:30]} O-O {[%clk 2:10:30]} 7. Be2 {[%clk 2:10:30]} b6 {[%clk 2:10:30]} 8. O-O
{[%clk 2:10:30]} Bb7 {[%clk 2:10:30]} 9. Nb5 {[%clk 2:10:30]} Na6 {[%clk
2:10:30]} 10. a3 {[%clk 2:10:30]} Be7 {[%clk 2:10:30]} 11. Nc3 {[%clk 2:10:30]}
Qh6 {[%clk 2:10:30]} 12. Bc4 {[%clk 2:10:30]} Rf6 {[%clk 2:10:30]} 13. d5 {[%clk
2:10:30]} Bd6 {[%clk 2:10:30]} 14. e4 {[%clk 2:10:30]} Rg6 {[%clk 2:10:30]} 15.
dxe6 {[%clk 2:10:30]} fxe4 {[%clk 2:10:30]} 16. exd7+ {[%clk 2:10:30]} Kh8 {[%clk
2:10:30]} 17. Nxe4 {[%clk 2:10:30]} Bxe4 {[%clk 2:10:30]} 18. Re1 {[%clk
2:10:30]} Rxg2+ {[%clk 2:10:30]} 19. Kf1 {[%clk 2:10:30]} Qg6 {[%clk 2:10:30]}
20. Rxe4 {[%clk 2:10:30]} Rxf2+ {[%clk 2:10:30]} 21. Kxf2 {[%clk 2:10:30]} Qxe4
{[%clk 2:10:30]} 22. Bd5 {[%clk 2:10:30]} Bc5+ {[%clk 2:10:30]} 23. Kf1 {[%clk
2:10:30]} Qg4 {[%clk 2:10:30]} 24. Bxa8 {[%clk 2:10:30]} Qh3+ {[%clk 2:10:30]}
25. Ke1 {[%clk 2:10:30]} Qe6+ {[%clk 2:10:30]} 26. Qe2 {[%clk 2:10:30]} Qxd7
{[%clk 2:10:30]} 27. Rd1 {[%clk 2:10:30]} Bd6 {[%clk 2:10:30]} 28. Qxa6 {[%clk
2:10:30]} Qe8+ {[%clk 2:10:30]} 29. Qe2 {[%clk 2:10:30]} Qxa8 {[%clk 2:10:30]}
30. c3 {[%clk 2:10:30]} h6 {[%clk 2:10:30]} 31. Kd2 {[%clk 2:10:30]} Qd5+ {[%clk
2:10:30]} 32. Kc2 {[%clk 2:10:30]} Qf5+ {[%clk 2:10:30]} 33. Rd3 {[%clk 2:10:30]}
a5 {[%clk 2:10:30]} 34. Nd4 {[%clk 2:10:30]} Qg6 {[%clk 2:10:30]} 35. Kb1 {[%clk
2:10:30]} Qg1+ {[%clk 2:10:30]} 36. Rd1 {[%clk 2:10:30]} Qg6+ {[%clk 2:10:30]}
37. Ka1 {[%clk 2:10:30]} Bxa3 {[%clk 2:10:30]} 38. bxa3 {[%clk 2:10:30]} Qd6
{[%clk 2:10:30]} 39. Nb5 {[%clk 2:10:30]} Qf6 {[%clk 2:10:30]} 40. Kb2 {[%clk
2:10:30]} c6 {[%clk 2:10:30]} 41. Nd4 {[%clk 2:10:30]} a4 {[%clk 2:10:30]} 42.
Rf1 {[%clk 2:10:30]} Qd6 {[%clk 2:10:30]} 43. Qe8+ {[%clk 2:10:30]} Kh7 {[%clk
2:10:30]} 44. Qe4+ {[%clk 2:10:30]} Kg8 {[%clk 2:10:30]} 45. Nxc6 {[%clk
2:10:30]} Qd2+ {[%clk 2:10:30]} 46. Qc2 {[%clk 2:10:30]} Qd7 {[%clk 2:10:30]} 47.
Qxa4 {[%clk 2:10:30]} b5 {[%clk 2:10:30]} 48. Qxb5 {[%clk 2:10:30]} Qd2+ {[%clk
2:10:30]} 49. Kb3 {[%clk 2:10:30]} Qg2 {[%clk 2:10:30]} 50. Ne7+ {[%clk 2:10:30]}
Kh7 {[%clk 2:10:30]} 51. Qd3+ {[%clk 2:10:30]} g6 {[%clk 2:10:30]} 52. Rf8 {[%clk
2:10:30]} Qb7+ {[%clk 2:10:30]} 53. Kc2 {[%clk 2:10:30]} Qxe7 {[%clk 2:10:30]}
54. Rd8 {[%clk 2:10:30]} 1-0

[Event "7th Arber Senior Cup"]
[Site "chess24.com"]
[Date "2019.08.03"]
[Round "8"]
[White "Gross-Winter, Guenter"]
[Black "Luebbers, Doris, Dr."]
[Result "1/2-1/2"]
[Board "36"]
[WhiteElo "1664"]
[WhiteTeam "SC Ansbach"]
[WhiteCountry "GER"]
[WhiteFideId "16222750"]
[WhiteEloChange "-4"]
[BlackElo "1514"]
[BlackTeam "SF Taunus"]
[BlackCountry "GER"]
[BlackFideId "24630080"]
[BlackEloChange "4"]

1. d4 {[%clk 2:10:30]} d5 {[%clk 2:10:30]} 2. c4 {[%clk 2:10:30]} e6 {[%clk
2:10:30]} 3. Nf3 {[%clk 2:10:30]} Nf6 {[%clk 2:10:30]} 4. Bf4 {[%clk 2:10:30]}
Bd6 {[%clk 2:10:30]} 5. Bg5 {[%clk 2:10:30]} b6 {[%clk 2:10:30]} 6. cxd5 {[%clk
2:10:30]} exd5 {[%clk 2:10:30]} 7. e3 {[%clk 2:10:30]} O-O {[%clk 2:10:30]} 8.
Bd3 {[%clk 2:10:30]} Be7 {[%clk 2:10:30]} 9. Nc3 {[%clk 2:10:30]} Bb7 {[%clk
2:10:30]} 10. Qc2 {[%clk 2:10:30]} Nbd7 {[%clk 2:10:30]} 11. O-O {[%clk 2:10:30]}
Re8 {[%clk 2:10:30]} 12. Rac1 {[%clk 2:10:30]} Rc8 {[%clk 2:10:30]} 13. Nb5
{[%clk 2:10:30]} c6 {[%clk 2:10:30]} 14. Nc3 {[%clk 2:10:30]} Nf8 {[%clk
2:10:30]} 15. Ne5 {[%clk 2:10:30]} h6 {[%clk 2:10:30]} 16. Bh4 {[%clk 2:10:30]}
N6h7 {[%clk 2:10:30]} 17. Bxe7 {[%clk 2:10:30]} Rxe7 {[%clk 2:10:30]} 18. Rfd1
{[%clk 2:10:30]} Qe8 {[%clk 2:10:30]} 19. f3 {[%clk 2:10:30]} Rcc7 {[%clk
2:10:30]} 20. e4 {[%clk 2:10:30]} dxe4 {[%clk 2:10:30]} 21. Nxe4 {[%clk 2:10:30]}
Re6 {[%clk 2:10:30]} 22. Bc4 {[%clk 2:10:30]} Ree7 {[%clk 2:10:30]} 23. Nd6
{[%clk 2:10:30]} Qa8 {[%clk 2:10:30]} 24. Nexf7 {[%clk 2:10:30]} Rxf7 {[%clk
2:10:30]} 25. Qb3 {[%clk 2:10:30]} Ng5 {[%clk 2:10:30]} 26. Re1 {[%clk 2:10:30]}
Qd8 {[%clk 2:10:30]} 27. Nf5 {[%clk 2:10:30]} Bc8 {[%clk 2:10:30]} 28. Bxf7+
{[%clk 2:10:30]} Nxf7 {[%clk 2:10:30]} 29. Ne3 {[%clk 2:10:30]} Kh8 {[%clk
2:10:30]} 30. d5 {[%clk 2:10:30]} c5 {[%clk 2:10:30]} 31. Rcd1 {[%clk 2:10:30]}
Nd6 {[%clk 2:10:30]} 32. Nc4 {[%clk 2:10:30]} 1/2-1/2

[Event "7th Arber Senior Cup"]
[Site "chess24.com"]
[Date "2019.08.03"]
[Round "8"]
[White "Voeller, Lothar"]
[Black "Krejci, Zdenek"]
[Result "1-0"]
[Board "38"]
[WhiteElo "1666"]
[WhiteTeam "FS Dortmund"]
[WhiteCountry "GER"]
[WhiteFideId "24616010"]
[WhiteEloChange "4"]
[BlackElo "1432"]
[BlackTeam "TSCHECHIEN"]
[BlackCountry "CZE"]
[BlackFideId "335495"]
[BlackEloChange "-4"]

1. e4 {[%clk 2:10:30]} e5 {[%clk 2:10:30]} 2. Nf3 {[%clk 2:10:30]} d6 {[%clk
2:10:30]} 3. c3 {[%clk 2:10:30]} a6 {[%clk 2:10:30]} 4. d4 {[%clk 2:10:30]} exd4
{[%clk 2:10:30]} 5. cxd4 {[%clk 2:10:30]} Nf6 {[%clk 2:10:30]} 6. Nc3 {[%clk
2:10:30]} Bg4 {[%clk 2:10:30]} 7. Bd3 {[%clk 2:10:30]} h6 {[%clk 2:10:30]} 8. O-O
{[%clk 2:10:30]} Nbd7 {[%clk 2:10:30]} 9. h3 {[%clk 2:10:30]} Bxf3 {[%clk
2:10:30]} 10. Qxf3 {[%clk 2:10:30]} c6 {[%clk 2:10:30]} 11. Qe2 {[%clk 2:10:30]}
d5 {[%clk 2:10:30]} 12. exd5+ {[%clk 2:10:30]} Qe7 {[%clk 2:10:30]} 13. dxc6
{[%clk 2:10:30]} bxc6 {[%clk 2:10:30]} 14. Bxa6 {[%clk 2:10:30]} Qxe2 {[%clk
2:10:30]} 15. Bxe2 {[%clk 2:10:30]} Bb4 {[%clk 2:10:30]} 16. Bf3 {[%clk 2:10:30]}
Ra6 {[%clk 2:10:30]} 17. Re1+ {[%clk 2:10:30]} Be7 {[%clk 2:10:30]} 18. Be3
{[%clk 2:10:30]} O-O {[%clk 2:10:30]} 19. Bxh6 {[%clk 2:10:30]} gxh6 {[%clk
2:10:30]} 20. Rxe7 {[%clk 2:10:30]} Re8 {[%clk 2:10:30]} 21. Rxe8+ {[%clk
2:10:30]} Nxe8 {[%clk 2:10:30]} 22. b3 {[%clk 2:10:30]} Nef6 {[%clk 2:10:30]} 23.
Ne4 {[%clk 2:10:30]} Nxe4 {[%clk 2:10:30]} 24. Bxe4 {[%clk 2:10:30]} c5 {[%clk
2:10:30]} 25. Bf5 {[%clk 2:10:30]} Rd6 {[%clk 2:10:30]} 26. Bxd7 {[%clk 2:10:30]}
Rxd7 {[%clk 2:10:30]} 27. dxc5 {[%clk 2:10:30]} Kf8 {[%clk 2:10:30]} 28. b4
{[%clk 2:10:30]} Ke8 {[%clk 2:10:30]} 29. c6 {[%clk 2:10:30]} Rc7 {[%clk
2:10:30]} 30. b5 {[%clk 2:10:30]} Kd8 {[%clk 2:10:30]} 31. a4 {[%clk 2:10:30]}
Kc8 {[%clk 2:10:30]} 32. Re1 {[%clk 2:10:30]} Kb8 {[%clk 2:10:30]} 33. Rd1 {[%clk
2:10:30]} Ka7 {[%clk 2:10:30]} 34. Rd7 {[%clk 2:10:30]} 1-0

[Event "7th Arber Senior Cup"]
[Site "chess24.com"]
[Date "2019.08.04"]
[Round "9"]
[White "Neubauer, Jaroslaus"]
[Black "Herbold, Manfred"]
[Result "1/2-1/2"]
[Board "6"]
[WhiteElo "2014"]
[WhiteCountry "GER"]
[WhiteFideId "4688368"]
[WhiteEloChange "2"]
[BlackElo "2081"]
[BlackTitle "CM"]
[BlackCountry "GER"]
[BlackFideId "4682882"]
[BlackEloChange "-2"]

1. e4 {[%clk 2:10:30]} e5 {[%clk 2:04:15]} 2. Nf3 {[%clk 2:10:45]} d5 {[%clk
2:04:33]} 3. d4 {[%clk 2:09:13]} dxe4 {[%clk 2:04:45]} 4. Nxe5 {[%clk 2:09:27]}
Bd6 {[%clk 2:05:05]} 5. f4 {[%clk 2:06:16]} Bxe5 {[%clk 1:48:32]} 6. fxe5 {[%clk
2:05:51]} Nc6 {[%clk 1:48:42]} 7. c3 {[%clk 2:04:00]} f6 {[%clk 1:44:12]} 8. Bc4
{[%clk 2:00:44]} Qe7 {[%clk 1:44:03]} 9. O-O {[%clk 1:59:02]} f5 {[%clk 1:35:57]}
10. Qb3 {[%clk 1:53:09]} Nh6 {[%clk 1:35:49]} 11. Bxh6 {[%clk 1:53:02]} gxh6
{[%clk 1:36:17]} 12. Na3 {[%clk 1:51:43]} a6 {[%clk 1:31:26]} 13. Qd1 {[%clk
1:48:11]} Qg7 {[%clk 1:31:09]} 14. b4 {[%clk 1:46:50]} Ne7 {[%clk 1:26:13]} 15.
Nc2 {[%clk 1:41:58]} Rf8 {[%clk 1:23:22]} 16. Qe2 {[%clk 1:33:07]} Qg6 {[%clk
1:16:49]} 17. Rae1 {[%clk 1:29:34]} b6 {[%clk 1:13:54]} 18. Rf4 {[%clk 1:06:38]}
Qg5 {[%clk 1:13:14]} 19. Ref1 {[%clk 0:55:49]} Ng6 {[%clk 1:12:31]} 20. R4f2
{[%clk 0:44:58]} Bb7 {[%clk 1:03:01]} 21. d5 {[%clk 0:43:54]} Nxe5 {[%clk
1:01:54]} 22. Nd4 {[%clk 0:43:41]} Bc8 {[%clk 0:58:48]} 23. Nc6 {[%clk 0:40:30]}
1/2-1/2

[Event "7th Arber Senior Cup"]
[Site "chess24.com"]
[Date "2019.08.04"]
[Round "9"]
[White "Steinbach, Peter"]
[Black "Kurka, Dieter"]
[Result "0-1"]
[Board "10"]
[WhiteElo "1958"]
[WhiteCountry "GER"]
[WhiteFideId "4661370"]
[WhiteEloChange "-9"]
[BlackElo "2006"]
[BlackCountry "GER"]
[BlackFideId "12902047"]
[BlackEloChange "9"]

1. e4 {[%clk 2:10:44]} c5 {[%clk 2:10:54]} 2. d4 {[%clk 2:11:08]} cxd4 {[%clk
2:11:19]} 3. c3 {[%clk 2:11:35]} d3 {[%clk 2:11:42]} 4. Bxd3 {[%clk 2:11:58]} e6
{[%clk 2:12:05]} 5. c4 {[%clk 2:12:16]} a6 {[%clk 2:12:29]} 6. Nc3 {[%clk
2:11:02]} Qc7 {[%clk 2:12:50]} 7. Qe2 {[%clk 2:09:42]} d6 {[%clk 2:13:02]} 8. f4
{[%clk 2:08:45]} Nd7 {[%clk 2:12:12]} 9. Nf3 {[%clk 2:08:25]} Ngf6 {[%clk
2:10:29]} 10. O-O {[%clk 2:06:45]} Be7 {[%clk 1:59:51]} 11. Kh1 {[%clk 2:04:31]}
O-O {[%clk 1:59:33]} 12. Be3 {[%clk 2:04:48]} b6 {[%clk 1:59:25]} 13. Rac1 {[%clk
2:05:08]} Bb7 {[%clk 1:59:14]} 14. Bg1 {[%clk 2:02:38]} Rfe8 {[%clk 1:52:23]} 15.
h3 {[%clk 1:48:42]} Rad8 {[%clk 1:41:48]} 16. g4 {[%clk 1:40:21]} Qb8 {[%clk
1:30:58]} 17. g5 {[%clk 1:38:39]} Nh5 {[%clk 1:31:23]} 18. Bh2 {[%clk 1:38:59]}
g6 {[%clk 1:29:41]} 19. a3 {[%clk 1:33:54]} Qa8 {[%clk 1:30:03]} 20. b4 {[%clk
1:31:04]} Ng7 {[%clk 1:17:52]} 21. Rce1 {[%clk 1:25:45]} d5 {[%clk 1:16:17]} 22.
cxd5 {[%clk 1:23:41]} exd5 {[%clk 1:16:40]} 23. e5 {[%clk 1:24:06]} Nf8 {[%clk
1:16:56]} 24. Nd4 {[%clk 1:23:00]} Nfe6 {[%clk 1:15:35]} 25. Bg1 {[%clk 1:22:41]}
Qc8 {[%clk 1:11:53]} 26. Na4 {[%clk 1:05:03]} Nxd4 {[%clk 1:07:33]} 27. Bxd4
{[%clk 1:05:30]} Qxh3+ {[%clk 1:06:07]} 28. Kg1 {[%clk 1:05:54]} Qg3+ {[%clk
1:06:12]} 29. Kh1 {[%clk 1:06:14]} b5 {[%clk 1:04:38]} 30. Nb2 {[%clk 1:06:23]}
Ne6 {[%clk 1:03:42]} 31. Qf2 {[%clk 1:02:48]} Qxf2 {[%clk 1:02:51]} 32. Bxf2
{[%clk 1:03:16]} Nxf4 {[%clk 1:02:54]} 33. Bb6 {[%clk 1:03:41]} Nxd3 {[%clk
1:02:19]} 34. Nxd3 {[%clk 1:04:07]} Rc8 {[%clk 1:01:22]} 35. Nc5 {[%clk 1:04:04]}
Bxc5 {[%clk 0:58:03]} 36. Bxc5 {[%clk 1:03:52]} Rc6 {[%clk 0:55:44]} 37. Kg1
{[%clk 1:03:46]} Bc8 {[%clk 0:55:29]} 38. Kf2 {[%clk 1:02:56]} h6 {[%clk
0:45:59]} 39. gxh6 {[%clk 1:02:06]} g5 {[%clk 0:45:10]} 40. Bd6 {[%clk 0:58:17]}
Kh7 {[%clk 0:44:18]} 41. Rh1 {[%clk 0:55:36]} Kg6 {[%clk 0:44:25]} 42. h7 {[%clk
0:49:53]} Rh8 {[%clk 0:44:18]} 43. Be7 {[%clk 0:48:57]} g4 {[%clk 0:44:06]} 44.
Kg3 {[%clk 0:48:42]} Rxh7 {[%clk 0:44:05]} 45. Rxh7 {[%clk 0:46:40]} Kxh7 {[%clk
0:44:33]} 46. Rd1 {[%clk 0:46:49]} Be6 {[%clk 0:44:38]} 47. Kf4 {[%clk 0:43:39]}
Kg6 {[%clk 0:41:24]} 48. Rd3 {[%clk 0:41:26]} Rc4+ {[%clk 0:40:59]} 49. Kg3
{[%clk 0:40:35]} Kf5 {[%clk 0:40:55]} 50. Bf6 {[%clk 0:40:43]} Ke4 {[%clk
0:41:04]} 51. Rb3 {[%clk 0:40:08]} d4 {[%clk 0:41:03]} 0-1

[Event "7th Arber Senior Cup"]
[Site "chess24.com"]
[Date "2019.08.04"]
[Round "9"]
[White "Fleuch, Hans-Juergen"]
[Black "Klimpel, Siegfried"]
[Result "1-0"]
[Board "18"]
[WhiteElo "1951"]
[WhiteCountry "GER"]
[WhiteFideId "4619617"]
[WhiteEloChange "7"]
[BlackElo "1843"]
[BlackCountry "GER"]
[BlackFideId "1270271"]
[BlackEloChange "-7"]

1. e4 {[%clk 2:10:49]} Nf6 {[%clk 2:10:38]} 2. e5 {[%clk 2:08:23]} Nd5 {[%clk
2:11:01]} 3. Nf3 {[%clk 2:07:12]} d6 {[%clk 2:10:54]} 4. c4 {[%clk 2:01:30]} Nb6
{[%clk 2:11:13]} 5. d4 {[%clk 1:56:39]} Bg4 {[%clk 2:10:45]} 6. exd6 {[%clk
1:52:46]} exd6 {[%clk 2:09:41]} 7. Be2 {[%clk 1:51:49]} N8d7 {[%clk 2:08:22]} 8.
O-O {[%clk 1:51:32]} Be7 {[%clk 2:08:11]} 9. Nbd2 {[%clk 1:49:35]} O-O {[%clk
2:03:48]} 10. b3 {[%clk 1:45:37]} a5 {[%clk 1:58:11]} 11. Bb2 {[%clk 1:44:11]} a4
{[%clk 1:58:07]} 12. Rc1 {[%clk 1:38:35]} Bf6 {[%clk 1:48:30]} 13. Ne4 {[%clk
1:38:12]} Be7 {[%clk 1:48:38]} 14. Ng3 {[%clk 1:37:41]} Nf6 {[%clk 1:45:16]} 15.
h3 {[%clk 1:37:12]} Bd7 {[%clk 1:44:44]} 16. Bd3 {[%clk 1:36:08]} Qc8 {[%clk
1:41:27]} 17. Re1 {[%clk 1:34:14]} Re8 {[%clk 1:41:40]} 18. Qd2 {[%clk 1:34:18]}
h6 {[%clk 1:38:29]} 19. Bb1 {[%clk 1:30:13]} Nh7 {[%clk 1:28:36]} 20. Ne4 {[%clk
1:17:34]} g5 {[%clk 1:16:16]} 21. c5 {[%clk 1:16:24]} Nd5 {[%clk 1:12:12]} 22.
cxd6 {[%clk 1:16:38]} Bd8 {[%clk 1:12:39]} 23. dxc7 {[%clk 1:13:23]} Be7 {[%clk
1:11:26]} 24. Nc3 {[%clk 1:08:26]} Bxh3 {[%clk 0:56:11]} 25. Nxd5 {[%clk
1:01:51]} Qg4 {[%clk 0:56:28]} 26. Ne3 {[%clk 1:02:06]} Qf4 {[%clk 0:54:43]} 27.
Ne5 {[%clk 0:53:42]} Bc8 {[%clk 0:53:24]} 28. Qd3 {[%clk 0:53:18]} Nf6 {[%clk
0:52:03]} 29. g3 {[%clk 0:53:24]} 1-0

[Event "7th Arber Senior Cup"]
[Site "chess24.com"]
[Date "2019.08.04"]
[Round "9"]
[White "Nusser, Hans-Karl, Dr."]
[Black "Supplieth, Peter"]
[Result "1-0"]
[Board "25"]
[WhiteElo "1601"]
[WhiteCountry "GER"]
[WhiteFideId "16226399"]
[WhiteEloChange "17"]
[BlackElo "1880"]
[BlackCountry "GER"]
[BlackFideId "4652096"]
[BlackEloChange "-17"]

1. d4 {[%clk 2:10:55]} d5 {[%clk 2:10:55]} 2. c4 {[%clk 2:11:14]} c6 {[%clk
2:11:20]} 3. cxd5 {[%clk 2:11:38]} cxd5 {[%clk 2:11:42]} 4. Nc3 {[%clk 2:11:53]}
Nc6 {[%clk 2:12:06]} 5. Bf4 {[%clk 2:11:34]} e6 {[%clk 2:09:24]} 6. e3 {[%clk
2:11:14]} Nf6 {[%clk 2:08:49]} 7. Bd3 {[%clk 2:10:26]} Bd6 {[%clk 2:08:36]} 8.
Bxd6 {[%clk 2:08:54]} Qxd6 {[%clk 2:09:03]} 9. Nf3 {[%clk 2:08:22]} O-O {[%clk
2:09:19]} 10. O-O {[%clk 2:08:45]} e5 {[%clk 2:06:41]} 11. dxe5 {[%clk 2:01:34]}
Nxe5 {[%clk 2:07:03]} 12. Nxe5 {[%clk 1:58:53]} Qxe5 {[%clk 2:07:27]} 13. h3
{[%clk 1:52:12]} Rd8 {[%clk 2:04:08]} 14. Qc2 {[%clk 1:36:41]} Bd7 {[%clk
1:55:31]} 15. Ne2 {[%clk 1:33:21]} h5 {[%clk 1:45:46]} 16. Nd4 {[%clk 1:31:16]}
Rac8 {[%clk 1:37:51]} 17. Qe2 {[%clk 1:29:11]} Re8 {[%clk 1:34:25]} 18. Rac1
{[%clk 1:23:36]} a6 {[%clk 1:33:29]} 19. Rfd1 {[%clk 1:08:02]} g5 {[%clk
1:28:33]} 20. Nf3 {[%clk 0:57:39]} Qe7 {[%clk 1:28:56]} 21. Nxg5 {[%clk 0:54:21]}
d4 {[%clk 1:28:53]} 22. Bc4 {[%clk 0:43:00]} Rxc4 {[%clk 1:24:12]} 23. Rxc4
{[%clk 0:33:52]} Bb5 {[%clk 1:03:17]} 24. Rdxd4 {[%clk 0:30:33]} Qe5 {[%clk
1:02:56]} 25. Ne4 {[%clk 0:20:03]} Nh7 {[%clk 0:39:07]} 26. Qc2 {[%clk 0:16:28]}
Bxc4 {[%clk 0:38:39]} 27. Qxc4 {[%clk 0:16:33]} Re6 {[%clk 0:26:14]} 28. h4
{[%clk 0:12:37]} Rc6 {[%clk 0:26:06]} 29. Qf1 {[%clk 0:11:14]} Qc7 {[%clk
0:23:29]} 30. Nc3 {[%clk 0:08:06]} Nf6 {[%clk 0:23:15]} 31. Qd1 {[%clk 0:08:13]}
Ng4 {[%clk 0:19:16]} 32. Rd8+ {[%clk 0:06:52]} Kh7 {[%clk 0:14:39]} 33. g3 {[%clk
0:06:28]} Rf6 {[%clk 0:10:29]} 34. Qd3+ {[%clk 0:05:22]} Kg7 {[%clk 0:08:50]} 35.
f4 {[%clk 0:04:43]} Nxe3 {[%clk 0:06:27]} 36. Rd4 {[%clk 0:03:30]} Nf5 {[%clk
0:04:40]} 37. Rd5 {[%clk 0:01:42]} Qb6+ {[%clk 0:04:23]} 38. Kh2 {[%clk 0:00:58]}
Qxb2+ {[%clk 0:03:36]} 39. Qd2 {[%clk 0:01:07]} Qxd2+ {[%clk 0:01:42]} 40. Rxd2
{[%clk 0:01:33]} Rd6 {[%clk 0:01:45]} 41. Rb2 {[%clk 0:01:14]} Rd3 {[%clk
0:01:37]} 42. Ne2 {[%clk 0:01:19]} b5 {[%clk 0:01:51]} 43. Kg2 {[%clk 0:01:23]}
Ne3+ {[%clk 0:01:57]} 44. Kg1 {[%clk 0:01:11]} Nc4 {[%clk 0:01:47]} 45. Rc2
{[%clk 0:01:19]} Kf6 {[%clk 0:02:01]} 46. Kf2 {[%clk 0:01:21]} Kf5 {[%clk
0:02:03]} 47. Rc3 {[%clk 0:01:26]} Ke4 {[%clk 0:01:29]} 48. Rxd3 {[%clk 0:01:00]}
Kxd3 {[%clk 0:01:51]} 49. g4 {[%clk 0:00:50]} hxg4 {[%clk 0:00:50]} 50. h5 {[%clk
0:01:04]} Nd6 {[%clk 0:00:52]} 51. h6 {[%clk 0:01:09]} f5 {[%clk 0:01:02]} 52. h7
{[%clk 0:01:17]} Nf7 {[%clk 0:01:27]} 53. Ng3 {[%clk 0:01:38]} b4 {[%clk
0:01:01]} 54. Nxf5 {[%clk 0:01:47]} a5 {[%clk 0:00:56]} 55. Nd6 {[%clk 0:01:40]}
Nh8 {[%clk 0:01:18]} 56. f5 {[%clk 0:01:50]} a4 {[%clk 0:00:37]} 57. f6 {[%clk
0:02:10]} b3 {[%clk 0:00:46]} 58. f7 {[%clk 0:02:01]} bxa2 {[%clk 0:00:45]} 59.
f8Q {[%clk 0:02:14]} a1Q {[%clk 0:00:57]} 60. Qf5+ {[%clk 0:02:09]} Kd2 {[%clk
0:01:05]} 61. Nc4+ {[%clk 0:01:49]} Kc1 {[%clk 0:01:07]} 62. Qf4+ {[%clk
0:01:52]} Kb1 {[%clk 0:01:16]} 63. Qe4+ {[%clk 0:02:01]} Kc1 {[%clk 0:00:37]} 64.
Qe3+ {[%clk 0:02:03]} Kc2 {[%clk 0:00:54]} 65. Qd2+ {[%clk 0:01:28]} Kb3 {[%clk
0:01:13]} 66. Na5+ {[%clk 0:01:17]} Ka3 {[%clk 0:01:23]} 67. Qd3+ {[%clk
0:00:59]} Kb4 {[%clk 0:01:28]} 68. Nc6+ {[%clk 0:00:57]} Kc5 {[%clk 0:01:44]} 69.
Qc2+ {[%clk 0:00:39]} Kd6 {[%clk 0:02:00]} 70. Qc4 {[%clk 0:00:36]} Qb2+ {[%clk
0:02:12]} 71. Ke3 {[%clk 0:00:47]} Qb3+ {[%clk 0:02:31]} 72. Kd4 {[%clk 0:00:58]}
Qxc4+ {[%clk 0:02:08]} 73. Kxc4 {[%clk 0:01:26]} 1-0